000
00339nam a2200145Ia 4500
008
191201s2012 xx 000 0 und d
082
_a
620.112
_b
CHS
100
_a
CHAKRABORTI, M
245
0
_a
Strength of Materials
250
_a
Rep
260
_a
N. Delhi
_b
S.K.Kataria
_c
2012
300
_a
983
650
_a
B.Tech(CE)
942
_2
ddc
_c
BK
999
_c
5425
_d
5425